000 01107nam a22003377a 4500
003 CHAP
005 20220329133804.0
008 971013c19691964 r 00010 d
010 _a10917
011 _a11889
035 _a11654
040 _cCHAP
082 0 4 _a301
_bW4y
100 0 0 _aWeber, Max.
_9121297
245 1 0 _aEconomía y sociedad
_b: esbozo de sociología comprensiva
_c/por Max Weber
250 _a2 ed.
260 _aMéxico :
_bFondo de Cultura Económica,
_c1969 (c.1964)
300 _a2 v.
490 0 _aSección de obras política y derecho
590 _aBATCH-UPD
_b10
_c20130110
_lUCH01
_h0946
590 _aBATCH-UPD
_b10
_c20130410
_lUCH01
_h0602
590 _aBATCH-UPD
_b10
_c20130914
_lUCH01
_h1230
590 _aCONVERSION
_b10
_c20130109
_lUCH01
_h1307
650 0 4 _aEconomía.
_935226
650 0 4 _aSociología.
_9108197
830 0 _aSección de obras política y derecho
_9103512
901 _aBK
942 _cLIBRO
949 _a301 W4Y
_bBC
_cLIBRO
_d33724000287538
_eLIBRO
_fv.2
_h30639
_i11654
_si
949 _a301 W4Y
_bBC
_cLIBRO
_d33724000924551
_eLIBRO
_fv.1
_h30638
_i11654
_si
999 _c10917
_d10917